La eugenesia hoy

Gespeichert in:
Bibliographische Detailangaben
1. Verfasser: Romeo Casabona, Carlos María (VerfasserIn)
Format: Buch
Sprache:Spanisch
Veröffentlicht: Bilbao Comares 1999
Schlagworte:
Tags: Tag hinzufügen
Keine Tags, Fügen Sie den ersten Tag hinzu!

MARC

LEADER 00000nam a2200000 a 4500
001 UCO8968
003 CL-VaPUC
008 010112e19990000SP |||||||||||||||||spa|d
082 0 4 |a 174.25  |b ROM  |2 21 
100 0 |a Romeo Casabona, Carlos María  |e author  |9 453991 
245 1 3 |a La eugenesia hoy 
300 |a 370 p 
942 |c BK 
945 |d 20010112 00:00:00  |a vberengu 
260 |a Bilbao  |b Comares  |c 1999 
650 0 |a Derechos humanos  |9 223025 
650 7 |a EUGENESIA  |2 CL-VaPUC  |9 256404 
650 0 |a Análisis ético   |9 453992 
650 0 |a Análisis político   |9 393238 
650 0 |a Genética humana  |9 269609 
583 |a last modification  |c 20180312 10:39:22  |k Rodrigo Vera 
999 |c 293382  |d 293380 
952 |0 0  |1 0  |4 0  |6 174_250000000000000_ROM_1999  |7 0  |8 DER_TF  |9 344862  |a BIBDER  |b BIBDER  |d 2019-11-20  |i 3682552  |o 174.25 ROM 1999  |p 3682552  |r 2023-01-25  |w 2019-11-20  |x Ubicación 4to Piso  |y BK  |z Estos recursos deben solicitarse con anticipación  |k DER